Seudociencia e ideología

Uloženo v:
Podrobná bibliografie
Hlavní autor: Bunge, Mario (Autor)
Médium: Kniha
Jazyk:španělština
Vydáno: Madrid Alianza 1985
Edice:Alianza Universidad
Témata:
Tagy: Přidat tag
Žádné tagy, Buďte první, kdo vytvoří štítek k tomuto záznamu!

MARC

LEADER 00000nam a2200000 a 4500
001 UCM1006
003 CL-VaPUC
008 020322e19850000SP |||||||||||||||||spa|d
082 0 4 |a 501  |b BUN  |2 21 
100 0 |a Bunge, Mario  |e author  |9 468018 
245 1 0 |a Seudociencia e ideología 
300 |a 253 p 
942 |c BK 
945 |d 20020322 00:00:00  |a cmena 
260 |a Madrid  |b Alianza  |c 1985 
650 0 |a Filosofía de las ciencias  |9 256466 
650 0 |a Antropología social  |9 306264 
650 0 |a Desarrollo científico  |9 259799 
583 |a last modification  |c 20020322 00:00:00  |k Rodrigo Vera 
490 0 |a Alianza Universidad 
999 |c 299731  |d 299729 
952 |0 0  |1 0  |4 0  |6 501_000000000000000_BUN_1985  |7 0  |8 A  |9 356631  |a BIBCUR  |b BIBCUR  |d 2019-11-21  |i 3800601  |o 501 BUN 1985  |p 3800601  |r 2025-04-22  |w 2019-11-21  |y BK  |k FIS